000 00392pab a2200157 454500
008 180718b1998 xxu||||| |||| 00| 0 eng d
100 _aGupta, S.C.
245 _aApplying TQM concepts to a training institution
260 _c1998
300 _ap.41-52
362 _aJan-Jun
650 _aTraining centres
650 _aTotal quality management
773 _aPrashasnika
909 _a39896
999 _c39896
_d39896